| 000 | 00750nam a2200217 a 4500 | ||
|---|---|---|---|
| 003 | 0 | ||
| 005 | 20250220103410.0 | ||
| 008 | 110617s19uu xx 00 eng d | ||
| 050 |
_aPHS BF 697.5.S6 _b.K49 2011 |
||
| 100 | _aKim, Yeon Joo. | ||
| 245 |
_aSocial networking and social skills / _cKim Yeon Joo. |
||
| 260 |
_aLas PiƱas City, Philippines : _bSouthville International School and Colleges, _c2011. |
||
| 300 |
_a41 pages : _billustrations ; _c28 cm. |
||
| 504 | _aIncludes bibliographical references. | ||
| 650 | _aSocial skills. | ||
| 650 | _aSocial networks (Online). | ||
| 650 |
_aSocial media _xPsychological aspects. |
||
| 650 | _aInterpersonal communication. | ||
| 650 |
_aSocial media _xPsychological aspects. |
||
| 942 |
_2lcc _cPASS |
||
| 999 |
_c98501 _d98501 |
||